000 00374nam a2200121Ia 4500
008 220217s9999 xx 000 0 und d
245 0 _aTesting of rubber and elastomers. Testing with the mooney shearing disk viscometer.
260 _c1976
500 _aStandard number: DIN 53 523 Part 1
650 _aElastomers
650 _aMooney shearing disk viscometer
942 _cST
999 _c73332
_d73332